000 00482nam a2200181 a 4500
001 1771582477853
003 YourLibrary
005 20260220155057.0
008 260220s2017##################000#0#eng##
020 _a9781138230712
082 0 4 _a330.0942
_bCUN.13
100 1 _aWood, John Cunningham,
_eauthor.
245 1 0 _aBritish Economists and the Empire :
260 _bRoutledge,
_c2017.
300 _a322 pages
942 _cENGLISH
040 _aYourLibrary
_beng
_cYourLibrary
999 _c614383
_d614383